| 000 | 00513nam a2200181Ia 4500 | ||
|---|---|---|---|
| 001 | 18800 | ||
| 005 | 20260306171657.0 | ||
| 008 | 260306s9999||||xx |||||||||||||| ||und|| | ||
| 041 | _aESP | ||
| 082 |
_a658.5 _bJ13 |
||
| 100 |
_aJacob, Dee _eAUT |
||
| 245 | 0 |
_aVelocidad: _bCombinando el sistema Lean, el Seis Sigma y la Teoría de las Limitaciones para alcanzar resultados excepcionales |
|
| 260 | _c2011 | ||
| 300 |
_a477 páginas : _c17 cm. |
||
| 650 | _aGEN | ||
| 654 | _aCAN | ||
| 942 |
_cLIB _dJUS _fJUS _2ddc _n |
||
| 999 |
_c18800 _d18800 |
||